000 00415nam a2200181Ia 4500
001 2068
005 20260306143815.0
008 260306t1999||||xx |||||||||||||| ||spa||
041 _aESP
082 _a612
_bC97A
100 _aJones, Emma C. A.,
_eAUT
245 0 _aCélula y genética
260 _c1999
300 _aix, 201 páginas :
_c24 cm.
650 _aGEN
654 _aCPS
942 _cLIB
_dJUS
_fJUS
_2ddc
_n
999 _c2068
_d2068